000 00768nam a2200217 i 4500
001 133698
003 ES-MaACL
005 20250717090417.0
007 t|
008 070827s1879 sp ||||1| spa d
100 1 _aVilló y Ruiz, José.
_9115265
245 1 0 _aDiscurso en la sesión inaugural del curso de 1879 a 1880 [del Ateneo de Valencia] /
_cpor José Villó y Ruiz.
260 _aValencia :
_b[s.n.],
_c1879 (
_fImpr. de Manuel Alufre)
300 _a47 p. ;
_c22 cm.
500 _aPrecede al tít.: Ateneo de Valencia.
500 _aTema de la conferencia: Génesis del positivismo.
650 0 7 _aPositivismo
_2embne
_916324
710 2 _aAteneo Científico-Literario de Valencia.
_9170945
852 _aES-MaACL
_jT-318-F-10
999 _c133698
_d133698